00610nam a2200193 4500003000900000005001700009008004100026020001400067040001300081082001800094100002000112245007200132250001200204260002500216650003500241942000900276952011800285999001300403SEACOMEC20240115144257.0240115b |||||||| |||| 00| 0 eng d cRs.299.00 aSEACOMEC a621.815bM453 aMyszka,david H.1 aMachines and mechanisms applied kinematic analysiscDavid H. Myszka a2nd ed. aDelhibPearsonc2002 aTechnology,Machine engineering cBOOK 00102ddc4070aSEACOMECbSEACOMECd2006-06-05l0o621.815 M453p01595r2024-01-15 14:43:23t1w2024-01-15yBOOK c487d487